<?xml version="1.0" encoding="UTF-8"?>
<collection xmlns="http://www.loc.gov/MARC21/slim">
 <record>
  <leader>01590nam a2200205Ia 4500</leader>
  <controlfield tag="001">CTU_228325</controlfield>
  <controlfield tag="008">210402s9999    xx            000 0 und d</controlfield>
  <datafield tag="020" ind1=" " ind2=" ">
   <subfield code="c">688000</subfield>
  </datafield>
  <datafield tag="082" ind1=" " ind2=" ">
   <subfield code="a">361.4</subfield>
  </datafield>
  <datafield tag="082" ind1=" " ind2=" ">
   <subfield code="b">T714</subfield>
  </datafield>
  <datafield tag="100" ind1=" " ind2=" ">
   <subfield code="a">Toseland, Ronald W.</subfield>
  </datafield>
  <datafield tag="245" ind1=" " ind2="3">
   <subfield code="a">An introduction to group work practice</subfield>
  </datafield>
  <datafield tag="245" ind1=" " ind2="0">
   <subfield code="c">Ronald W. Toseland, Robert F. Rivas</subfield>
  </datafield>
  <datafield tag="260" ind1=" " ind2=" ">
   <subfield code="a">Harlow, England</subfield>
  </datafield>
  <datafield tag="260" ind1=" " ind2=" ">
   <subfield code="b">Pearson Education Limited</subfield>
  </datafield>
  <datafield tag="260" ind1=" " ind2=" ">
   <subfield code="c">2017</subfield>
  </datafield>
  <datafield tag="520" ind1=" " ind2=" ">
   <subfield code="a">Widely used by professionals, educators, and students in undergraduate and graduate courses in schools of social work throughout the United States and the world, this text presents a comprehensive, coherent, organized overview of group work practice from a generalist practice perspective. The new Eighth Edition continues to include typologies illustrating group work practice with task and treatment groups at the micro-, meso-, and macro-levels. Thoroughly updated throughout, the new edition of An Introduction to Group Work Practice includes research on virtual groups, updated and deeper content on practice with treatment and task groups, the most current literature on working with reluctant and resistant group members, updated and expanded sections on working with individuals who have difficulty engaging in and sustaining work in groups, updated material on leadership and diversity, and thoroughly updated reference material and new content from evidence-based practice sources.</subfield>
  </datafield>
  <datafield tag="650" ind1=" " ind2=" ">
   <subfield code="a">Hoạt động nhóm xã hội,Social group work</subfield>
  </datafield>
  <datafield tag="910" ind1=" " ind2=" ">
   <subfield code="b">nthai</subfield>
  </datafield>
  <datafield tag="980" ind1=" " ind2=" ">
   <subfield code="a">Trung tâm Học liệu Trường Đại học Cần Thơ</subfield>
  </datafield>
 </record>
</collection>
